Agricultural valuations : (Record no. 121620)

MARC details
000 -LEADER
fixed length control field 05080cam a22007211i 4500
001 - CONTROL NUMBER
control field BDZ0028723940
003 - CONTROL NUMBER IDENTIFIER
control field StDuBDS
005 - DATE AND TIME OF LATEST TRANSACTION
control field 20230721111227.0
006 - FIXED-LENGTH DATA ELEMENTS--ADDITIONAL MATERIAL CHARACTERISTICS
fixed length control field m || d |
007 - PHYSICAL DESCRIPTION FIXED FIELD--GENERAL INFORMATION
fixed length control field cr |||||||||||
008 - FIXED-LENGTH DATA ELEMENTS--GENERAL INFORMATION
fixed length control field 181129s2019 enka o 000|0|eng|d
020 ## - INTERNATIONAL STANDARD BOOK NUMBER
International Standard Book Number 9781317194286 (ePub ebook) :
Terms of availability 39.99
020 ## - INTERNATIONAL STANDARD BOOK NUMBER
Canceled/invalid ISBN 9781138678040 (hbk.) :
Terms of availability 110.00
020 ## - INTERNATIONAL STANDARD BOOK NUMBER
International Standard Book Number 9781317194293 (PDF ebook) :
-- 9781317194279 (Mobipocket ebook) :
-- 9781315559162 (ebook) :
Terms of availability 39.99
Canceled/invalid ISBN 9781138678057 (pbk.) :
040 ## - CATALOGING SOURCE
Original cataloging agency StDuBDS
Language of cataloging eng
Description conventions rda
-- pn
Transcribing agency StDuBDS
Modifying agency Uk
-- StDuBDSZ
072 #7 - SUBJECT CATEGORY CODE
Subject category code KC
Source bicssc
072 #7 - SUBJECT CATEGORY CODE
Subject category code KNAC
Source bicssc
072 #7 - SUBJECT CATEGORY CODE
Subject category code GTF
Source bicssc
072 #7 - SUBJECT CATEGORY CODE
Subject category code KFFR
Source bicssc
072 #7 - SUBJECT CATEGORY CODE
Subject category code RN
Source bicssc
072 #7 - SUBJECT CATEGORY CODE
Subject category code RPG
Source bicssc
072 #7 - SUBJECT CATEGORY CODE
Subject category code TNCB
Source bicssc
072 #7 - SUBJECT CATEGORY CODE
Subject category code TVB
Source bicssc
072 #7 - SUBJECT CATEGORY CODE
Subject category code ECO
Source ukslc
072 #7 - SUBJECT CATEGORY CODE
Subject category code KC
Source thema
072 #7 - SUBJECT CATEGORY CODE
Subject category code GTP
Source thema
072 #7 - SUBJECT CATEGORY CODE
Subject category code KFFR
Source thema
072 #7 - SUBJECT CATEGORY CODE
Subject category code RN
Source thema
072 #7 - SUBJECT CATEGORY CODE
Subject category code RPG
Source thema
072 #7 - SUBJECT CATEGORY CODE
Subject category code TNCB
Source thema
072 #7 - SUBJECT CATEGORY CODE
Subject category code TVB
Source thema
072 #7 - SUBJECT CATEGORY CODE
Subject category code JPQB
Source thema
072 #7 - SUBJECT CATEGORY CODE
Subject category code LNS
Source thema
072 #7 - SUBJECT CATEGORY CODE
Subject category code TNK
Source thema
072 #7 - SUBJECT CATEGORY CODE
Subject category code KNJ
Source thema
072 #7 - SUBJECT CATEGORY CODE
Subject category code TV
Source thema
082 04 - DEWEY DECIMAL CLASSIFICATION NUMBER
Classification number 333.33520941
Edition number 23
100 1# - MAIN ENTRY--PERSONAL NAME
Personal name Moody, Jeremy,
Relator term author.
245 10 - TITLE STATEMENT
Title Agricultural valuations :
Remainder of title a practical guide.
Medium [Electronic resource]
250 ## - EDITION STATEMENT
Edition statement Fifth edition /
Remainder of edition statement Jeremy Moody and Nick Millard.
260 ## - PUBLICATION, DISTRIBUTION, ETC.
Place of publication, distribution, etc. London :
Name of publisher, distributor, etc. Routledge,
Date of publication, distribution, etc. 2019.
300 ## - PHYSICAL DESCRIPTION
Extent 1 online resource :
Other physical details illustrations (black and white)
336 ## - CONTENT TYPE
Content type term text
Source rdacontent
336 ## - CONTENT TYPE
Content type term still image
Source rdacontent
337 ## - MEDIA TYPE
Media type term computer
Source rdamedia
338 ## - CARRIER TYPE
Carrier type term online resource
Source rdacarrier
366 ## - TRADE AVAILABILITY INFORMATION
Detailed date of publication 20210225
Availability status code In stock
500 ## - GENERAL NOTE
General note Previous edition: published as by R.G. Williams. London: Estates Gazette, 2008.
505 0# - FORMATTED CONTENTS NOTE
Formatted contents note 1. Introduction and history PART 1: FOUNDATIONS 2. Agricultural land 3. Basic property law 4. Business structures for farming 5. Agricultural support: from the EU to beyond Brexit 6. Farm accounting PART 2: VALUATIONS 7. Professional issues 8. Introduction to valuation standards and beyond bases of value 9. Undertaking a valuation 10. Valuation of farm property with vacant possession 11. Valuation of let property 12. Valuation for insurance 13. Woodland and sporting 14. Diversification 15. Development 16. Livestock, machinery, growing crops and produce 17. Environmental valuation PART 3: VALUATIONS FOR TAXATION, COMPULSORY PURCHASE, UTILITIES AND COMMUNICATIONS 18. Valuation for capital taxes 19. Agricultural stocktaking for income tax 20. Valuation for business rates and council tax 21. Compensation for compulsory purchase 22. Cables and pipes for electricity, gas, water and sewerage 23. Masts and cables for communications PART 4: AGRICULTURAL TENANCIES 24. Introduction to agricultural tenancies 25. Issues during a tenancy requiring valuation 26. Rent reviews under the Agricultural Holdings Act 1986 27. Rent reviews for farm business tenancies 28. Rent reviews for Scottish agricultural tenancies 29. End of tenancy: tenant's claims 30. Compensation for disturbance 31. End of tenancy: landlord's claims 32. Valuing the tenancy 33. Valuations for other agreements PART 5: PROFESSIONAL PRACTICE 34. Farm agency 35. Dispute resolution and expert witness work 36. New skills and services 37. Advice to young practitioners APPENDICES
520 8# - SUMMARY, ETC.
Summary, etc. This authoritative text covers the entire field of agricultural valuation and practice including exhaustive commentary on tenant right valuations, improvements, fixtures, milk quotas and dilapidations.
Expansion of summary note Agricultural Valuations: A Practical Guide has long been the standard text for students and professionals working on agricultural valuations. Taking a practical approach, it covers all the relevant techniques and legislation necessary to correctly value farms, assess farm rents, carry out arbitrations, inventories and records of condition, including valuation clauses on sales of farms, livestock, soils, management agreements, valuation in court proceedings and a glossary of useful information.In this fifth edition, Gwyn Williams's original text is taken on by Jeremy Moody and Nick Millard, renowned experts in the field, bringing the book right up to date to reflect recent changes in the rural economy, including development, diversification and renewable energy and specialist valuations and reference to all the latest legislation. Clear and accessible to students and professionals alike, readers will find Agricultural Valuations an invaluable guide to best practice in agricultural valuations.
650 #7 - SUBJECT ADDED ENTRY--TOPICAL TERM
Topical term or geographic name entry element AGRICULTURE
650 #7 - SUBJECT ADDED ENTRY--TOPICAL TERM
Topical term or geographic name entry element AGRICULTURAL VALUATIONS
650 #7 - SUBJECT ADDED ENTRY--TOPICAL TERM
Topical term or geographic name entry element EBOOK
650 #0 - SUBJECT ADDED ENTRY--TOPICAL TERM
Topical term or geographic name entry element FARMS
650 #7 - SUBJECT ADDED ENTRY--TOPICAL TERM
Topical term or geographic name entry element RURAL ECONOMY
650 #7 - SUBJECT ADDED ENTRY--TOPICAL TERM
Topical term or geographic name entry element VALUATION
690 ## - LOCAL SUBJECT ADDED ENTRY--TOPICAL TERM (OCLC, RLIN)
9 (RLIN) 6251
Topical term or geographic name as entry element Land use
700 1# - ADDED ENTRY--PERSONAL NAME
Personal name Millard, Nick,
Relator term author.
700 10 - ADDED ENTRY--PERSONAL NAME
Personal name Williams, R. G.
Fuller form of name (R. Gwyn).
Version Fourth edition.
Title of a work Agricultural valuations.
776 08 - ADDITIONAL PHYSICAL FORM ENTRY
Relationship information Print version :
International Standard Book Number 9781138678040
856 40 - ELECTRONIC LOCATION AND ACCESS
Uniform Resource Identifier <a href="https://www.vlebooks.com/product/openreader?id=RICS&accId=9491556&isbn=9781317194286">https://www.vlebooks.com/product/openreader?id=RICS&accId=9491556&isbn=9781317194286</a>
Public note View on VLEbooks. Logins for members only from [email protected]
942 ## - ADDED ENTRY ELEMENTS (KOHA)
Source of classification or shelving scheme Dewey Decimal Classification
Holdings
Withdrawn status Lost status Source of classification or shelving scheme Damaged status Not for loan Home library Current library Shelving location Date acquired Total Checkouts Full call number Date last seen Price effective from Koha item type Public note
    Dewey Decimal Classification     Virtual Virtual Online 21/07/2023   EBOOK 21/07/2023 21/07/2023 Book Email [email protected] if you do not have a login to VLEBooks